Technology by Letter: V - Statistics

General Stats
  • This quiz has been taken 17 times
  • The average score is 6 of 14
Answer Stats
Hint Answer % Correct
Visual recording Video
88%
Inoculation to prevent disease Vaccination
82%
Petroleum jelly, lubricant Vaseline
82%
Material for music records Vinyl
76%
Italian scooter brand Vespa
53%
Thin slices of wood Veneer
47%
Changeable values stored in a computer program Variables
41%
Telephone through the internet Voice over IP
41%
Switch for liquids and gases Valve
29%
Scalable image file type Vector graphics
29%
Pair of interplanetary probes Voyager
24%
Electronic component mostly replaced by transistors Vacuum tube
12%
Tool to measure the length of small objects Vernier scale
12%
High-res observatory in Chile Very Large Telescope
6%
No matching quizzes found
Score Distribution
Percent of People with Each Score
Percentile by Number Answered
Your Score History
You have not taken this quiz